| 000 | 00406 a2200157 4500 | ||
|---|---|---|---|
| 003 | Nust | ||
| 005 | 20170207153551.0 | ||
| 040 | _cNust | ||
| 082 | _a005.1 | ||
| 100 | _aIsmail, Muhammad Tariq MSCS | ||
| 245 |
_aExpert / intelligent system for troubleshooting of automobiles _cMuhammad Tariq Ismail, MSCS |
||
| 260 |
_bMCS _c2000 |
||
| 300 | _aix, 98 p | ||
| 538 | _aT1 and Shelf No 5 | ||
| 650 | _aMSCS Thesis | ||
| 942 | _cTHS | ||
| 999 |
_c188846 _d188846 |
||